|
|
|
|
| LEADER |
00549cam a2200145 7i4500 |
| 001 |
0000027374 |
| 005 |
20111215090000.0 |
| 090 |
0 |
0 |
|a M 338.7025
|b DIR
|
| 245 |
0 |
0 |
|a Direktori usahawan bumiputera Negeri Melaka 2010/ 2011.
|
| 260 |
0 |
0 |
|a Ayer Keroh, Melaka:
|b Majlis Tindakan Ekonomi Dan Sosial Bumiputera Melaka,
|c 2010.
|
| 300 |
# |
# |
|a 196 p.
|
| 650 |
0 |
0 |
|a Malays --
|x Commerce --
|x Directories --
|z Malacca, Malaysia
|
| 650 |
0 |
0 |
|a Malacca, Malaysia --
|x CommerceDirectories
|
| 651 |
0 |
0 |
|a Malaysia
|
| 999 |
|
|
|a 0000029654
|b Directories
|c Malaysia
|e Business Information Centre
|